Phoenix Sky Harbor Int. Airport Destinations (Phoenix, AZ, USA) - Map - Statistics

General Stats
  • This quiz has been taken 39 times
  • The average score is 90 of 155
Answers on the Map
Answers color-coded by a green-red scale on the quiz's map according to % correct below.
 
Answer Stats
Destination % Correct
London (Heathrow)
90%
Paris (Charles de Gaulle)
90%
Honolulu
87%
Taipei (Taoyuan)
87%
Dallas/Fort Worth
84%
Houston (Hobby)
84%
Houston (Intercontinental)
84%
Miami
84%
Orlando
84%
Tampa
84%
Toronto (Pearson)
84%
Vancouver
84%
Cancún
81%
Chicago (Midway)
81%
Chicago (O'Hare)
81%
Dallas (Love)
81%
Edmonton
81%
Mexico City
81%
Minneapolis/St. Paul
81%
Montréal (Trudeau)
81%
New Orleans
81%
Salt Lake City
81%
San Diego
81%
San Diego/Carlsbad
81%
San Francisco
81%
Seattle/Tacoma
81%
Anchorage
77%
Atlanta
77%
Austin
77%
Calgary
77%
Detroit
77%
Jacksonville (FL)
77%
Las Vegas
77%
Los Angeles
77%
New York (JFK)
77%
Philadelphia
77%
Portland (OR)
77%
Reno/Tahoe
77%
Sacramento
77%
San Jose (CA)
77%
Washington (Dulles)
77%
Washington (National)
77%
Boston
74%
Charlotte
74%
Denver
74%
Nashville
74%
Newark
74%
Oakland
74%
Ottawa
74%
San Antonio
74%
Baltimore
71%
Cincinnati
71%
Columbus (Glenn)
71%
Indianapolis
71%
Memphis
71%
Oklahoma City
71%
Tucson
71%
Boise
68%
Buffalo
68%
Cleveland
68%
Fresno
68%
Grand Rapids
68%
Louisville
68%
Milwaukee
68%
Raleigh/Durham
68%
Spokane
68%
Tijuana
68%
Albuquerque
65%
Des Moines
65%
El Paso
65%
Fargo
65%
Fort Lauderdale
65%
Hartford
65%
Kansas City
65%
Pittsburgh
65%
Richmond
65%
St. Louis
65%
Billings
61%
Flagstaff
61%
Guadalajara
61%
Madison
61%
Monterey
61%
Monterrey
61%
Norfolk
61%
Provo
61%
San José del Cabo
61%
Santa Fe
61%
Sioux Falls
61%
Tulsa
61%
Bakersfield
58%
Birmingham (AL)
58%
Colorado Springs
58%
Omaha
58%
Orange County
58%
Winnipeg
58%
Yuma
58%
Eugene
55%
Fort Myers
55%
Long Beach
55%
Ontario
55%
Bozeman
52%
Burbank
52%
Knoxville
52%
Little Rock
52%
Redmond/Bend
52%
Aspen
48%
Cedar Rapids/Iowa City
48%
Lihue
48%
Lubbock
48%
Rapid City
48%
Santa Barbara
48%
Wichita
48%
Kahului
45%
Regina
45%
Saskatoon
45%
Appleton
42%
Eagle/Vail
42%
Idaho Falls
42%
Midland/Odessa
42%
Palm Springs
42%
Asheville
39%
Grand Junction
39%
McAllen
39%
St. George (UT)
39%
Everett
35%
Glacier Park/Kalispell
35%
Santa Rosa
35%
Stockton
35%
Durango (CO)
32%
Fayetteville/Bentonville
32%
Kelowna
32%
Page
32%
Abilene
29%
Kailua-Kona
29%
Medford
29%
Moab
29%
San Luis Obispo
29%
Hermosillo
26%
Imperial/El Centro
26%
Santa Maria (CA)
26%
Tri-Cities (WA)
26%
Carlsbad (NM)
19%
Sun Valley
19%
Loreto
16%
Mazatlán
16%
Puerta Vallarta
16%
Show Low
16%
Silver City
16%
Vernal
16%
Culiacán
13%
Gallup
13%
Ixtapa/Zihuatanejo
13%
Manzanillo
13%
Telluride (CO)
10%
Cortez
6%
No matching quizzes found
Score Distribution
Percent of People with Each Score
Percentile by Number Answered
Your Score History
You have not taken this quiz